| 000 | 00443nam a2200157Ia 4500 | ||
|---|---|---|---|
| 999 |
_c6041 _d6041 |
||
| 020 | _a9780195690750 | ||
| 082 | _a338.9 POL- | ||
| 245 | 0 | _aPolitical economy of trade, finance and development: selected essays of T.N. Sri | |
| 260 |
_aNew Delhi _bOxford University Press _c2007 |
||
| 300 | _axiv, 502 | ||
| 650 | _aGlobalization | ||
| 650 | _aInternationl Trade | ||
| 650 | _aEconomic development | ||
| 700 | _aNarayana, N.S.S. | ||
| 942 | _cBK | ||